Estimates of heterosis in Hevea brasiliensis (Record no. 58800)

MARC details
000 -LEADER
fixed length control field 00405nam a2200145Ia 4500
100 ## - MAIN ENTRY--AUTHOR NAME
Personal name Plapade E O
245 #0 - TITLE STATEMENT
Title Estimates of heterosis in Hevea brasiliensis
260 ## - PUBLICATION, DISTRIBUTION, ETC. (IMPRINT)
Name of publisher Hevea 88: IRRDB, 2 August to 7 November 1988, Paris. pp.377-384.
650 ## - SUBJECT ADDED ENTRY--TOPICAL TERM
Topical Term Dominance
650 ## - SUBJECT ADDED ENTRY--TOPICAL TERM
Topical Term Heterosis
650 ## - SUBJECT ADDED ENTRY--TOPICAL TERM
Topical Term Potence-ratio
650 ## - SUBJECT ADDED ENTRY--TOPICAL TERM
Topical Term Progenies
942 ## - ADDED ENTRY ELEMENTS (KOHA)
Koha item type Journals
Holdings
Withdrawn status Lost status Damaged status Not for loan Home library Current library Shelving location Date acquired Koha item type
      Journals RRII Library RRII Library Botany 17/12/2021 Journals